| 000 | 01065nam a2200325 a 4500 | ||
|---|---|---|---|
| 001 | 000109822 | ||
| 003 | CHAP | ||
| 005 | 20251202133400.0 | ||
| 008 | 140530s2012 mx a |rm |0|||||spa d | ||
| 010 | _a106284 | ||
| 011 | _a107256 | ||
| 040 | _cCHAP | ||
| 090 | _aTesis | ||
| 100 | 1 |
_aRamírez Martínez, Eduardo _9127143 |
|
| 245 | 1 | 0 |
_aInseminación artificial transcervical en cabras criollas con semén refrigerado, utilizando catéter Tomcat / _cpor Eduardo Ramírez Martínez. |
| 260 |
_aCocula, Gro. : _bEl autor, _c2012. |
||
| 300 |
_axii, 42 h. : _bil. |
||
| 502 | _aTesis (Ing. Agr. Zootecnista) -- CSAEGRO. | ||
| 590 |
_aBATCH-UPD _b05 _c20140530 |
||
| 590 |
_aE5652GLJ _b05 _c20140530 |
||
| 590 |
_aE5652GLJ _b05 _c20140530 |
||
| 590 |
_aE5652GLJ _b05 _c20140530 |
||
| 650 | 1 | 4 |
_aGanado cabrío _xFertilidad. _9127152 |
| 650 | 1 | 4 |
_aGanado Cabrío _xInseminación artificial. _9127153 |
| 650 | 1 | 4 |
_aGanado cabrío _xReproducción. _945043 |
| 650 | 1 | 4 |
_aSemen _xGanado cabrío. _9103861 |
| 901 | _aBK | ||
| 942 |
_cTESIS _2ddc |
||
| 942 |
_n0 _2ddc |
||
| 999 |
_c106284 _d106284 |
||